Κατάλογος Βιβλιοθηκών Mediterranean College

Οδηγός Αρχιτεκτονικού Σχεδίου / Μετρικά - Γραφικά Στοιχεία (Record no. 4263)

MARC details
000 -LEADER
fixed length control field 01831cam a22002054a 4500
005 - ΗΜΕΡΟΜΗΝΙΑ ΚΑΙ ΩΡΑ ΤΕΛΕΥΤΑΙΑΣ ΕΝΗΜΕΡΩΣΗΣ
Πεδίο ελέγχου 20250605164141.0
008 - FIXED-LENGTH DATA ELEMENTS--GENERAL INFORMATION
Πεδίο ελέγχου σταθερού μήκους 250528s ||||||||||||||||||||||||d
035 ## - SYSTEM CONTROL NUMBER
System control number 18968
040 ## - ΠΗΓΗ ΚΑΤΑΛΟΓΟΓΡΑΦΗΣΗΣ
Φορέας πρωτότυπης καταλογογράφησης MC Athens Campus Library
Γλώσσα καταλογογράφησης Ελληνικά, Μοντέρνα (1453-)
Modifying agency MC Athens Campus Library
Κανόνες περιγραφικής καταλογογράφησης AACR2
245 1# - ΤΙΤΛΟΣ ΚΑΙ ΔΗΛΩΣΗ ΥΠΕΥΘΥΝΟΤΗΤΑΣ
Τίτλος Οδηγός Αρχιτεκτονικού Σχεδίου / Μετρικά - Γραφικά Στοιχεία
250 ## - EDITION STATEMENT
Edition statement
260 ## - PUBLICATION, DISTRIBUTION, ETC.
Name of publisher, distributor, etc. Αθήνα,
Date of publication, distribution, etc. 1987
300 ## - PHYSICAL DESCRIPTION
Extent 232
505 0# - FORMATTED CONTENTS NOTE
Formatted contents note Εισαγωγή, Γραφική Κλίμακα, Προσανατολισμός, Χαμηλό Πράσινο - Γρασίδι, Αναρριχώμενα Φυτά, Δένδρα, Αυτοκίνητα, Άνθρωποι, Πλακόστρωση, Τοιχοποία, Οπτοπλινθοδομή, Τοίχος με Τσιμεντόλιθους, Σκαλες Κήπου, Στηθαίο, Καθιστικό, Τζάκι, Κοιτώνας, Επίπλωση Κουζίνας, Παραδείγματα Κατόψεων, Παραδείγματα Σχεδίασης Γραφείων, Σχέδια Λεπτομερειών, Φράκτες, Προοπτικό.
520 ## - SUMMARY, ETC.
Summary, etc. Εισαγωγή, Γραφική Κλίμακα, Προσανατολισμός, Χαμηλό Πράσινο - Γρασίδι, Αναρριχώμενα Φυτά, Δένδρα, Αυτοκίνητα, Άνθρωποι, Πλακόστρωση, Τοιχοποία, Οπτοπλινθοδομή, Τοίχος με Τσιμεντόλιθους, Σκαλες Κήπου, Στηθαίο, Καθιστικό, Τζάκι, Κοιτώνας, Επίπλωση Κουζίνας, Παραδείγματα Κατόψεων, Παραδείγματα Σχεδίασης Γραφείων, Σχέδια Λεπτομερειών, Φράκτες, Προοπτικό.
700 1# - ΠΡΟΣΘΕΤΗ ΑΝΑΓΡΑΦΗ--ΦΥΣΙΚΟ ΠΡΟΣΩΠΟ
Personal name Έρωτα Ρένα
9 (RLIN) 5248
942 ## - ADDED ENTRY ELEMENTS (KOHA)
Koha item type Books
Holdings
Τύπος τεκμηρίου Βιβλιοθήκη Τρέχουσα τοποθεσία Barcode Αριθμός εισαγωγής Ημερομηνία απόκτησης Ταξιθετικό σύμβολο Αριθμός αντιτύπου Κατάσταση απόσυρσης Κατάσταση χαμένου Κατάσταση κατεστραμμένου Μη δανεισμός Σύνολο δανεισμών Ημερομηνία τελευταίας εμφάνισης Η τιμή ισχύει από
Books MC Athens Campus Library MC Athens Campus Library 9780000042620 3901 05/06/2025 720.284 ERO 1           05/06/2025 05/06/2025

MC Athens Campus Library
Πατησίων 94 & Κοδριγκτώνος 13, 104 34
Πελλήνης 8 & Πατησίων 107, 112 51
Τ: +30 210 8899600

MC Thessaloniki Campus Library
Ίωνος Δραγούμη 21, 54625 | Ίωνος Δραγούμη 15, 54625
Τ: +30 2310 287779 – Τ: +30 2314 440300